Logo

Description automatically generated
विद्यार्जन
 संसाधन केंद्र, भारतीय प्रौद्योगिकी संस्थान इन्दौर
Learning Resource Center, Indian Institute of Technology Indore

ऑनलाइन सार्वजनिक अभिगम प्रसूची
Online Public Access Catalogue (OPAC)

The East Asian Mediterranean : maritime crossroads of culture, commerce and human migration (Record no. 57392)

MARC details
000 -LEADER
fixed length control field 00734nam a2200217Ia 4500
005 - DATE AND TIME OF LATEST TRANSACTION
control field 20260704175958.0
008 - FIXED-LENGTH DATA ELEMENTS--GENERAL INFORMATION
fixed length control field 260704s9999||||xx |||||||||||||| ||und||
020 ## - INTERNATIONAL STANDARD BOOK NUMBER
International Standard Book Number 9783447058094
Qualifying information hb
082 ## - DEWEY DECIMAL CLASSIFICATION NUMBER
Classification number 387.5095
Item number SCH
100 ## - MAIN ENTRY--PERSONAL NAME
Personal name Schottenhammer, Angela [ed.]
245 #4 - TITLE STATEMENT
Title The East Asian Mediterranean : maritime crossroads of culture, commerce and human migration
250 ## - EDITION STATEMENT
Edition statement c.2008
260 ## - PUBLICATION, DISTRIBUTION, ETC.
Place of publication, distribution, etc. Wiesbaden
Name of publisher, distributor, etc. Harrassowitz Verlag
Date of publication, distribution, etc. 2008
300 ## - PHYSICAL DESCRIPTION
Extent xix, 402p. ; 24cm.
490 ## - SERIES STATEMENT
Series statement East Asian economic and socio-cultural studies ; 6
653 ## - INDEX TERM--UNCONTROLLED
Uncontrolled term East Asia--Commerce--History
653 ## - INDEX TERM--UNCONTROLLED
Uncontrolled term Navigation--East Asia--History
653 ## - INDEX TERM--UNCONTROLLED
Uncontrolled term Shipping--East Asia--History
653 ## - INDEX TERM--UNCONTROLLED
Uncontrolled term Shipping--East Asia--History
942 ## - ADDED ENTRY ELEMENTS (KOHA)
Koha item type Book
Holdings
Withdrawn status Lost status Damaged status Not for loan Home library Current library Shelving location Date acquired Source of acquisition Total Checkouts Full call number Barcode Date last seen Price effective from Koha item type
        LRC, IIT Indore LRC, IIT Indore 3rd Floor - General Stack 04/07/2026 Gratis Book Price: USD 99.00   387.5095 SCH G2617 04/07/2026 04/07/2026 Book
Copyright © 2017-2026 Indian Institute of Technology Indore. All Rights Reserved.
Managed & maintained by Learning Resource Center, IIT Indore